Gemeinden der Städteregion Aachen (NRW) - mit Karte - Statistiken

Allgemein
  • Dieses Quiz wurde 284 mal gespielt
  • Das Durchschnittsergebnis liegt bei 7 aus 10
Antworten auf der Karte
Die Antworten werden auf der Karte rot bzw. grün angezeigt, abhängig davon wie oft sie richtig erraten wurden.
 
Antwortstatistiken
Gemeinde % Korrekt
Aachen
99%
Eschweiler
81%
Stolberg
81%
Monschau
77%
Würselen
73%
Herzogenrath
69%
Alsdorf
68%
Simmerath
60%
Roetgen
58%
Baesweiler
57%
Keine übereinstimmenden Quizze gefunden
Verteilung der Resultate
Anzahl Personen mit jedem Resultat
Perzentil nach korrekt beantworteten Fragen
Ihre Resultats-Entwicklung
Sie haben dieses Quiz noch nicht gespielt